000 00367nam a2200157Ia 4500
008 221030s9999 xx 000 0 und d
020 _a8171698522
041 _aEnglish
082 _a105.23
_bDev
100 _aVasu Deva
245 0 _aE- Sales
_cby Vasu Deva
260 _bCommonwealth Pub
_aNew Delhi
_c2005
300 _a244
650 _aMBA Computers
942 _cBK
999 _c605
_d605